El principio de conservación de los actos administrativos
Uloženo v:
| Hlavní autor: | |
|---|---|
| Médium: | Kniha |
| Jazyk: | španělština |
| Vydáno: |
Santiago
MassLibros
2016
|
| Vydání: | 1a. ed |
| Témata: | |
| Tagy: |
Přidat tag
Žádné tagy, Buďte první, kdo vytvoří štítek k tomuto záznamu!
|
MARC
| LEADER | 00000cam a2200000 a 4500 | ||
|---|---|---|---|
| 001 | UCD4412 | ||
| 003 | CL-VaPUC | ||
| 008 | 160708e20160000cl |||||||||||||||||spa|d | ||
| 020 | |a 9789568396381 | ||
| 082 | 0 | 4 | |a 342.83066 |b NES |2 21 |
| 100 | |a Nesvara Vidal, José Ricardo |e autor |9 588091 | ||
| 245 | 1 | 3 | |a El principio de conservación de los actos administrativos |
| 250 | |a 1a. ed | ||
| 300 | |a 220 p | ||
| 942 | |c BK | ||
| 945 | |d 20160708 23:22:00 |a dcastane | ||
| 260 | |a Santiago |b MassLibros |c 2016 | ||
| 650 | 0 | |a Derecho administrativo chileno |9 461009 | |
| 650 | 0 | |a Actos administrativos |9 256128 | |
| 650 | 0 | |a Procedimientos administrativos |9 430309 | |
| 583 | |a last modification |c 20160708 23:22:00 |k Rodrigo Vera | ||
| 999 | |c 365310 |d 365308 | ||
| 952 | |0 0 |1 0 |3 erd |4 0 |6 342_830660000000000_NES_2016 |7 0 |8 A |9 479111 |a BIBDER |b BIBDER |i 5297176 |o 342.83066 NES 2016 |p 5297176 |r 2023-01-25 |w 2019-11-24 |y BK |z Catalogado en:20160708 |k DER | ||